NMBS stations in het Brussels Hoofdstedelijk Gewest - Statistieken

Algemene statistieken
  • Deze quiz is 153 keer genomen
  • De gemiddelde score is 19 van 35
Antwoordstatistieken
Hints
Anwers
% Correct
Noord-zuidverbinding Brussel-Noord
100%
Noord-zuidverbinding Brussel-Zuid
100%
Noord-zuidverbinding Brussel-Centraal
97%
Schaarbeek Schaarbeek
95%
Jette Jette
89%
Elsene Etterbeek
88%
Anderlecht Anderlecht
86%
Stad Brussel Brussel-Schuman
75%
Sint-Jans-Molenbeek Brussel-West
75%
Evere Evere
75%
Stad Brussel Brussel-Luxemburg
72%
Sint-Agatha-Berchem Sint-Agatha-Berchem
72%
Watermaal-Bosvoorde Watermaal
71%
Noord-zuidverbinding Brussel-Kapellekerk
70%
Watermaal-Bosvoorde Bosvoorde
64%
Noord-zuidverbinding Brussel-Congres
64%
Vorst Vorst-Zuid
55%
Stad Brussel Haren
47%
Vorst Vorst-Oost
46%
Stad Brussel Haren Zuid
41%
Stad Brussel Bockstael
39%
Ukkel Ukkel-Kalevoet
37%
Ukkel Ukkel-Stalle
37%
Evere Bordet
30%
Koekelberg Simonis
30%
Oudergem Delta
28%
Elsene Mouterij
26%
Schaarbeek Meiser
25%
Etterbeek Merode
25%
Ukkel Sint-Job
25%
Watermaal-Bosvoorde Arcaden
21%
Elsene Boondaal
21%
Stad Brussel Thurn en Taxis
21%
Ukkel Diesdelle
20%
Ukkel Moensberg
14%
Geen overeenkomende quizzen gevonden
Scoreverdeling
Procent van Mensen met Elke Score
Percentiel versus Aantal Correcte Antwoorden
Uw Scoregeschiedenis
U heeft deze quiz nog niet genomen